Statistics for POV Characters - ASOIAF

Click here to take the quiz!

General Stats

  • This quiz has been taken 1,055 times
  • The average score is 22 of 31

Answer Stats

AGOT % Correct
Eddard Stark
99%
Arya Stark
99%
Tyrion Lannister
98%
Jon Snow
98%
Sansa Stark
98%
Catelyn Stark
97%
Cersei Lannister
96%
Bran Stark
95%
Daenerys Targaryen
92%
Jaime Lannister
92%
Theon Greyjoy
90%
Davos Seaworth
82%
Brienne of Tarth
81%
Samwell Tarly
79%
Asha Greyjoy
70%
Victarion Greyjoy
68%
Arianne Martell
67%
Barristan Selmy
65%
Melisandre
64%
Will
56%
Quentyn Martell
55%
Kevan Lannister
54%
Aeron Greyjoy
53%
Areo Hotah
50%
Pate
49%
Cressen
46%
Arys Oakheart
43%
Jon Connington
42%
Varamyr Sixskins
41%
Chett
34%
Merrett Frey
33%

Score Distribution

Percentile by Number Answered

Percent of People with Each Score

Your Score History

You have not taken this quiz